Welcome to the Holygrace Academy Library

Please use search bar below to get started

KABOOLIVALA (Record no. 7630)

MARC details
000 -LEADER
fixed length control field 00895nam a22001217a 4500
082 ## - DEWEY DECIMAL CLASSIFICATION NUMBER
Classification number 894.812.3
Item number TAG/K
100 ## - MAIN ENTRY--AUTHOR NAME
Personal name RAVEENDRANATHA TAGORE
245 ## - TITLE STATEMENT
Title KABOOLIVALA
260 ## - PUBLICATION, DISTRIBUTION, ETC. (IMPRINT)
Place of publication THRISSUR
Name of publisher H & C BOOKS
Year of publication 2010
300 ## - PHYSICAL DESCRIPTION
Number of Pages 48
520 ## - SUMMARY, ETC.
Summary, etc “Kabuliwallah” opens with the narrator describing his five-year-old daughter, Mini. She “can’t stop talking for a minute” and is frequently scolded by her mother for it. The narrator, on the other hand, thinks that it’s “unnatural” when Mini is quiet, and so he spends a lot of time talking to her and answering her many questions. One morning, Mini chats with her father while he’s working on an adventure novel. She looks out the window and spots a Kabuliwallah named Rahamat and starts calling to him. However, when he comes over, Mini runs into another room, convinced that his large bags are full of children, not goods.
942 ## - ADDED ENTRY ELEMENTS (KOHA)
Koha item type Books
Holdings
Withdrawn status Lost status Collection code Home library Current library Shelving location Date acquired Source of acquisition Cost, normal purchase price Full call number Accession Number Koha item type
    Fiction Main Library Main Library NEW SHELF WITH NEW ENTRY 20/10/2012 Purchase 10.00 894.812.3 TAG/K 04977 Books